[Event "KOS-ch"]
[Site "Pristina"]
[Date "2022.11.12"]
[Round "2"]
[White "Halilaj, Milazim"]
[Black "Kastrati, Arianit"]
[Result "0-1"]
[WhiteElo "1236"]
[BlackElo "1654"]
[PlyCount "28"]
[EventDate "2022.11.11"]
[EventType "swiss"]
[EventRounds "9"]
[EventCountry "KOS"]
[SourceTitle "CBM 211 Extra"]
[Source "ChessBase"]
[SourceDate "2023.01.31"]
[SourceVersion "1"]
[SourceVersionDate "2023.01.31"]
[SourceQuality "1"]

1. e4 e5 2. Nc3 Bc5 3. Bc4 Nf6 4. Nf3 d6 5. b3 Bg4 6. h3 Bh5 7. g4 Bg6 8. Qe2 Nc6 9. h4 Nxg4 10. h5 Nxf2 11. Rh4 Nd4 12. Nxd4 Qxh4 13. hxg6 Nd3+ 14. Kd1 Qh1+ 0-1

[Event "Pristina Nderkombetar op"]
[Site "Pristina"]
[Date "2022.06.21"]
[Round "7"]
[White "Aliu, Besnik"]
[Black "Kastrati, Arianit"]
[Result "1-0"]
[WhiteElo "1930"]
[BlackElo "1608"]
[PlyCount "107"]
[EventDate "2022.06.17"]
[EventType "swiss"]
[EventRounds "9"]
[EventCountry "KOS"]
[SourceTitle "CBM 209 Extra"]
[Source "ChessBase"]
[SourceDate "2022.09.30"]
[SourceVersion "1"]
[SourceVersionDate "2022.09.30"]
[SourceQuality "1"]

1. e4 e5 2. Nf3 Nc6 3. d4 exd4 4. Nxd4 Nf6 5. Nc3 Bb4 6. Nxc6 bxc6 7. Bd3 d5 8. e5 Ng4 9. Qe2 Qe7 10. Bf4 d4 11. a3 dxc3 12. Rb1 Bc5 13. 0-0 cxb2 14. Rxb2 Bxa3 15. Rb3 Be6 16. Be4 Nxe5 17. Bxe5 Bxb3 18. Bxc6+ Kf8 19. Bxa8 f6 20. cxb3 Qxe5 21. Qa6 Bd6 22. g3 g6 23. Qxa7 Kg7 24. Bf3 h5 25. Qb7 h4 26. Qd5 hxg3 27. hxg3 Qxd5 28. Bxd5 Rh5 29. Bc4 Ra5 30. Re1 Re5 31. Rd1 Re7 32. Kg2 Re5 33. Ra1 Re8 34. Ra5 Rb8 35. Kf3 Re8 36. Ra6 Kf8 37. g4 Kg7 38. Ra2 Kf8 39. Rd2 Kg7 40. Rd4 Kf8 41. Bd5 Kg7 42. Be4 Re7 43. b4 Re5 44. Bd3 Re7 45. b5 Be5 46. Rd8 g5 47. Bc4 Kh6 48. Ke4 Kg7 49. Kf5 Kh6 50. Rg8 Rg7 51. Rh8+ Rh7 52. Re8 Kg7 53. Rg8+ Kh6 54. Rg6# 1-0